000 00514nam a2200181Ia 4500
005 20250326123900.0
008 250326s9999 xx 000 0 und d
037 _aTextbook
040 _aFMSL
_beng
_cFMSL
041 _aeng
_2eng
084 _aS8 K5
_qFMSL
100 _aSampson E E
245 0 _aApproaches, contexts, and problems of social psychology
_cSampson E E
260 _aNew Jersey
_bNew Jersey, Prentice-Hall
_c1965
300 _a576p
942 _cTB
_hS8 K5
999 _c1271328
_d1271328